The power of a positive attitude : (Record no. 12783)
[ view plain ]
| 000 -LEADER | |
|---|---|
| fixed length control field | 00653nam a2200241 a 4500 |
| 001 - CONTROL NUMBER | |
| JCCL Control Number | 12783 |
| 003 - CONTROL NUMBER IDENTIFIER | |
| JCCL marc code | BD-JhCC |
| 005 - DATE AND TIME OF LATEST TRANSACTION | |
| control field | 20230512200735.0 |
| 008 - FIXED-LENGTH DATA ELEMENTS--GENERAL INFORMATION | |
| fixed length control field | 230512s2020 ii |||| |||| 000 0 eng d |
| 020 ## - INTERNATIONAL STANDARD BOOK NUMBER | |
| International Standard Book Number | 9789389432640 |
| 035 ## - SYSTEM CONTROL NUMBER | |
| system control number | (BD-JhCC)12783 |
| 040 ## - CATALOGING SOURCE | |
| Original cataloging agency | BD-JhCC |
| Modifying agency | BD-JhCC |
| 041 ## - LANGUAGE CODE | |
| Language code of Book | eng |
| 082 ## - DEWEY DECIMAL CLASSIFICATION NUMBER | |
| Classification number | 650.1 |
| Author mark and Year | FRI 2020 |
| 100 ## - MAIN ENTRY--PERSONAL NAME | |
| Personal name | Fritz, Roger |
| 245 ## - TITLE STATEMENT | |
| Title | The power of a positive attitude : |
| Remainder of title | your road to success / |
| Statement of responsibility, etc | Roger Fritz |
| 260 ## - PUBLICATION, DISTRIBUTION, ETC. (IMPRINT) | |
| Place of publication, distribution, etc | New Delhi : |
| Name of publisher, distributor, etc | Fingerprint, |
| Date of publication, distribution, etc | 2020 [reprint]. |
| 300 ## - PHYSICAL DESCRIPTION | |
| Pagination | 112 p. : |
| Dimensions | 21 cm. |
| 650 ## - SUBJECT ADDED ENTRY--TOPICAL TERM | |
| Topical term or geographic name as entry element | Success |
| 650 ## - SUBJECT ADDED ENTRY--TOPICAL TERM | |
| Topical term or geographic name as entry element | Attitude (Psychology) |
| 650 ## - SUBJECT ADDED ENTRY--TOPICAL TERM | |
| Topical term or geographic name as entry element | Employees--Attitudes |
| 942 ## - ADDED ENTRY ELEMENTS (KOHA) | |
| Source of classification or shelving scheme | Dewey Decimal Classification |
| Koha item type | Books |
| Source of classification or shelving scheme | Damaged status | Not for loan | Home library | Current library | Shelving location | Date of accession | Cost, normal purchase price | Total Checkouts | Full call number | Barcode | Date last seen | Date checked out | Copy number | Method of acquisition | Koha item type | Currency |
|---|---|---|---|---|---|---|---|---|---|---|---|---|---|---|---|---|
| Dewey Decimal Classification | JCC Rouf Library | JCC Rouf Library | General Stacks | 05/12/2023 | 300.00 | 10 | 650.1 FRI 2020 | 17724 | 10/21/2024 | 09/09/2024 | C-1 | Purchase | Books | BDT |